000 00407nam a2200169Ia 4500
005 20140405102441.0
008 140130s9999 xx 000 0 und d
050 _aQC 926.43.U6
_b.H66 1998
245 _cHopping, Lorraine Jean
_aBlizzards!
260 _bScholastic,
_c1998
300 _a47 p. :
_bill. ;
_c23 cm.
440 _v1
521 _aG4
526 _c600
942 _cBK
_2lcc
999 _c40762
_d40762